BIBLIOTHÈQUE DE LA MAISON DU MEXIQUE

Logo 1 Logo 2

Don Antonio López de Santa Anna (notice nᵒ 3091)

détails MARC
000 -Sello discográfico
campo de control de longitud fija 01064nam a2200301 4500
005 - Identificación de versión
campo de control 20251016083219.0
035 ## - Otros números de control del sistema
Número de control del sistema 24763
099 ## - fechas locales
Tipo de ítem Koha LIBRO
100 ## - Datos de procesamiento general
Datos de procesamiento general 19980323d1987 m y1spay5003 ba
105 ## - Campo de datos codificados: Material textual, monográfico
Datos codificados de monografía y 001zy
200 1# - Título y mención de responsabilidad
Título propio Don Antonio López de Santa Anna
Designación general del material texto impreso
Otra información del título mito y enigma
Primer mención de responsabilidad Josefina Zoraida Vázquez
210 ## - Publicación, distribución, etc.
Lugar de publicación, distribución, etc. México
Nombre del editor, distribuidor, etc. Centro de Estudios de Historia de México, Condumex
Fecha de publicación, distribución, etc. 1987
215 ## - Descripción física
Designación de material específico y extensión del ítem 38 p
Dimensiones 21 cm
300 ## - Notas generales
Texto de la nota Conferencia sustentada el día 1o. de julio de 1987 en el Centro de Estudios de Historia de México, Condumex
345 ## - Nota de información de adquisición
Fuente de adquisición/dirección de la suscripción [OBSOLETO] Donación
410 #1 - Series
Título Serie Conferencias
Número de volumen 8
600 ## - Nombre personal usado como materia
Elemento de entrada López de Santa Anna
Parte del nombre distinta del elemento de entrada Antonio
Fechas 1794-1876
Adiciones al nombre que no sean fechas pres. México
Número Koha 5063
607 ## - Nombre geográfico utilizado como tema
Elemento de entrada México
Subdivisión temática Historia
Subdivisión cronológica Primeros gobiernos independientes, 1821-1861
Número Koha 1404
660 ## - Código de área geográfica
Código MX
700 ## - Nombre personal - Responsabilidad primaria
Elemento de entrada Vázquez Vera
Parte del nombre distinta del elemento de entrada Josefina Zoraida
Fechas 1932-
Número Koha 164
801 #0 - Fuente de origen
Agencia cm
900 ## -
-- 1/16729
900 ## -
-- 710988300\\230398
942 ## - ELEMENTOS DE ENTRADA SECUNDARIOS (KOHA)
Tipo de ítem Koha Livre
996 ## -
-- MEX
-- 751145101
-- MMAG
-- 010160
-- 920 S231VA
-- 20240411LIV
Exemplaires
Estatus retirado Estado de daño Estado de pérdida Fecha de adquisición Biblioteca de origen Biblioteca actual Ubicación en estantería Código de barras Precio de reemplazo Signatura topográfica completa No para préstamo Tipo de ítem Koha Nota pública Nota no pública
      05/08/2025 Casa México Paris Casa México Paris   010160 05/08/2025 920 S231VA   Livre 20240411LIV 751145101